Ճորոխի աւազանը / (Record no. 139955)
[ view plain ]
| 000 -LEADER | |
|---|---|
| fixed length control field | 00803nam a2200229 a 4500 |
| 001 - CONTROL NUMBER | |
| control field | 000366116 |
| 003 - CONTROL NUMBER IDENTIFIER | |
| control field | AM-YeHGA |
| 005 - DATE AND TIME OF LATEST TRANSACTION | |
| control field | 20260226141539.0 |
| 008 - FIXED-LENGTH DATA ELEMENTS--GENERAL INFORMATION | |
| fixed length control field | 041004s1929 au |||||r|||||||||0|arm|d |
| 040 ## - CATALOGING SOURCE | |
| Original cataloging agency | AM-YeHGA |
| 041 0# - LANGUAGE CODE | |
| Language code of text/sound track or separate title | arm |
| 090 ## - LOCALLY ASSIGNED LC-TYPE CALL NUMBER (OCLC); LOCAL CALL NUMBER (RLIN) | |
| -- | 141333 |
| 100 0# - MAIN ENTRY--PERSONAL NAME | |
| Personal name | Ատրպետ, |
| Dates associated with a name | 1860-1937 |
| 9 (RLIN) | 971 |
| 245 10 - TITLE STATEMENT | |
| Title | Ճորոխի աւազանը / |
| Statement of responsibility, etc. | Ատրպետ. |
| 260 ## - PUBLICATION, DISTRIBUTION, ETC. | |
| Place of publication, distribution, etc. | Վիեննա : |
| Name of publisher, distributor, etc. | տպ. Մխիթարեան, |
| Date of publication, distribution, etc. | 1929. |
| 300 ## - PHYSICAL DESCRIPTION | |
| Extent | 238 էջ ; |
| Dimensions | 19 սմ. |
| 440 #0 - SERIES STATEMENT/ADDED ENTRY--TITLE | |
| Title | Ազգային մատենադարան ; |
| Volume/sequential designation | ՃԺԸ. |
| 9 (RLIN) | 4491 |
| 504 ## - BIBLIOGRAPHY, ETC. NOTE | |
| Bibliography, etc. note | Մատենագիտ. տողատ. ծանոթ. |
| 650 14 - SUBJECT ADDED ENTRY--TOPICAL TERM | |
| Topical term or geographic name entry element | Աշխարհագրություն |
| Geographic subdivision | Ճորոխ |
| 856 41 - ELECTRONIC LOCATION AND ACCESS | |
| Uniform Resource Identifier | <a href="http://serials.flib.sci.am/openreader/Chorox_1929/book/index.html#page/1/mode/2up">http://serials.flib.sci.am/openreader/Chorox_1929/book/index.html#page/1/mode/2up</a> |
| Link text | Կարդալ առցանց |
| 942 ## - ADDED ENTRY ELEMENTS (KOHA) | |
| Source of classification or shelving scheme | Universal Decimal Classification |
| Koha item type | Գրքեր / Books |
| Koha issues (borrowed), all copies | 2 |
| Withdrawn status | Lost status | Damaged status | Not for loan | Collection | Home library | Current library | Date acquired | Total checkouts | Full call number | Barcode | Date last seen | Date last checked out | Price effective from | Koha item type | Public note |
|---|---|---|---|---|---|---|---|---|---|---|---|---|---|---|---|
| General | Fundamental Scientific Library | Fundamental Scientific Library | 22/12/2016 | 2 | AII/35038 | 220035038 | 26/02/2026 | 26/02/2026 | 22/12/2016 | Գրքեր / Books | 30 Days Loan | ||||
| General | Fundamental Scientific Library | Fundamental Scientific Library | 22/12/2016 | AII/35040 | 220035040 | 22/12/2016 | 22/12/2016 | Գրքեր / Books | 30 Days Loan |
ՀՀ Գիտությունների ազգային ակադեմիայի հիմնարար գիտական գրադարան = Fundamental Scientific Library of NAS RA
All site content, except where otherwise noted, is licensed under a